000 00887nam a22002055i 4500
001 165017
003 ES-MaACL
005 20251003063144.0
008 991122s1831 sp |||| | spa d
040 _aLR
_bspa
_cLR
100 1 _aScott, Walter,
_cSir,
_d1771-1832
_9104957
245 1 0 _aIvanhoe ó El regreso de la Palestina del Caballero Cruzado /
_cpor Walter Scott.
260 _aMadrid :
_b[s.n.],
_c1831 (
_fOficina de Moreno)
300 _a4 v. (XXIII, 228; 232; 264; 211 p.) ;
_c16 cm.
490 1 _aNueva colección de novelas de Sir Walter Scott ;
_v13, 14, 15 y 16
740 3 _aEl regreso de la Palestina del Caballero Cruzado.
830 0 _aNueva colección de novelas de Sir Walter Scott
_v13, 14, 15 y 16
_9222402
852 _aES-MaACL
_jF-1087-1088
_z-- Enc. pasta
_z-- Enc. 4 t. en 2 v.
_x-- Edic.: las pp. del T. IV (211)
999 _c165017
_d165017